01930cam a22003978a 4500999001700000001000900017003000900026005001700035008004100052020002200093020001800115040003800133082002000171100004900191240002300240245009600263264005900359264001000418300002700428336002600455337002800481338002700509500043000536650005200966650004801018650004801066650004401114650004101158650003901199650003801238650003701276653002301313655002401336942001201360952016001372 c16829d1682913767429EG-ScBUE20201101091939.0041101t2005 nyu f 000 d eng d a0486442187 (pbk.) a9780493442181 aDLCbengerdacDLCdDLCdEG-ScBUE04a812.52bONE2221 aO'Neill, Eugene,d1888-1953,eauthor.93040410aPlays.kSelections10aThree Great Plays :bthe Emperor Jones, Anna Christie, and the Hairy Ape /cEugene O'Neill. 1aMineola, New York :bDover Publications, Inc.,c[2005] 4cc2005 aiv, 140 pages :c20 cm 2rdacontentatextbtxt 2rdamediaaunmediatedbn 2rdacarrieravolumebnc a"This Dover edition, originally published in 2005, is an original compilation of three plays by Eugene O'Neill: The Emperor Jones, originally published by Stewart Kidd, New York, 1921; Anna Christie, originally published by Boni and Liveright, New York, 1922; and The hairy ape, originally published by Horace Liveright, Inc., New York, 1922. A new introductory note has been specially prepared for this edition"--T.p. verso. 7aAmericanszCaribbean AreavDrama.2BUEsh930406 7aFathers and daughtersvDrama.2BUEsh930407 7aIdentity (Psychology)vDrama.2BUEsh930408 7aAfrican AmericansvDrama.2BUEsh930409 7aSocial classesvDrama.2BUEsh930410 7aOcean linersvDrama.2BUEsh930411 7aYoung womenvDrama.2BUEsh930412 7aTerroristsvDrama.2BUEsh930413 cJuly2012bHHUUEENN vReading book934232 2ddccBB 00102ddc40708BaccahaMAINbMAINc2NDd2012-07-09epurchaseg80.00h15359l1m17o812.52 ONEp000026932r2025-07-15 00:00:00s2023-10-25w2012-07-09yBB